Online
Catalog

Emociones destructivas : (Record no. 16400)

MARC details
000 -CABECERA
campo de control de longitud fija 00860nam a2200241 u 4500
001 - NÚMERO DE CONTROL
campo de control 000016868
005 - FECHA Y HORA DE LA ÚLTIMA TRANSACCIÓN
campo de control 20250702120835.0
008 - DATOS DE LONGITUD FIJA--INFORMACIÓN GENERAL
campo de control de longitud fija 100311s2003 ag a r 000 0 spa d
040 ## - FUENTE DE LA CATALOGACIÓN
Centro catalogador/agencia de origen DO-SdBNP
Lengua de catalogación spa
Centro/agencia transcriptor BNPHU
082 ## - NÚMERO DE LA CLASIFICACIÓN DECIMAL DEWEY
Número de clasificación 152.4
Número de documento/Ítem G625e
049 ## - FONDOS LOCALES (OCLC)
Fondos de biblioteca BNPD
100 1# - ENTRADA PRINCIPAL--NOMBRE DE PERSONA
Nombre de persona Goleman, Daniel
Fechas asociadas al nombre 1947 -
9 (RLIN) 37341
245 10 - MENCIÓN DE TÍTULO
Título Emociones destructivas :
Resto del título Un diálogo científico con el Dalai -Lama /
Mención de responsabilidad, etc. Daniel Goleman; Traductor David González Raga, Fernando Mora.
246 1# - FORMA VARIANTE DE TÍTULO
Título propio/Titulo breve Destructive Emotions
260 ## - PUBLICACIÓN, DISTRIBUCIÓN, ETC.
Lugar de publicación, distribución, etc. Buenos Aires :
Nombre del editor, distribuidor, etc. Vergara grupo Zeta,
Fecha de publicación, distribución, etc. 2003.
300 ## - DESCRIPCIÓN FÍSICA
Extensión 494 p. :
Otras características físicas il. ;
Dimensiones 23 cm.
500 ## - NOTA GENERAL
Nota general Incluye índice.
504 ## - NOTA DE BIBLIOGRAFÍA, ETC.
Nota de bibliografía, etc. Incluye notas y referencias bibliográficas(453-461 p.)
650 #0 - PUNTO DE ACCESO ADICIONAL DE MATERIA--TÉRMINO DE MATERIA
Término de materia o nombre geográfico como elemento de entrada Emociones (Filosofía)
9 (RLIN) 37342
650 #4 - PUNTO DE ACCESO ADICIONAL DE MATERIA--TÉRMINO DE MATERIA
Término de materia o nombre geográfico como elemento de entrada Empatía
9 (RLIN) 37343
700 1# - PUNTO DE ACCESO ADICIONAL--NOMBRE DE PERSONA
Nombre de persona González Raga, David
Títulos y otros términos asociados al nombre trad.
9 (RLIN) 37344
700 1# - PUNTO DE ACCESO ADICIONAL--NOMBRE DE PERSONA
Nombre de persona Mora, Fernando
Títulos y otros términos asociados al nombre trad.
9 (RLIN) 37345
Holdings
Estado de retiro Estado de pérdida Restricciones de uso No para préstamo Código de colección Localización permanente Ubicación/localización actual Ubicación en estantería Fecha de adquisición Número de inventario Total de préstamos Signatura topográfica completa Código de barras Fecha visto por última vez Precio válido a partir de Tipo de ítem Koha
    Préstamo interno   Monografías: Libros y Folletos General General En catalogación 11.03.2010 LF1   152.4 G625e 16868-10 25.06.2020 25.06.2020 Préstamo interno

Powered by Koha